000
002520000a22000970004500
245
1
0
_a
Miguel angel Suazo (1931-1993)
300
_a
Vol.48, núm.209 (1993), p. 26-27
650
1
4
_a
EDUCACIÓN CRISTIANA
773
0
_t
La Biblia en las Américas
942
_c
ANA
999
_c
62901
_d
62901